000 00803nam a22002177a 4500
999 _c4354
_d4354
003 AR-CdUCM
008 190308b ||||| |||| 00| 0 spa d
040 _aMUNICIPALIDAD PROVINCIAL DEL CUSCO
_cBIBLIOTECA MUNICIPAL DEL CUSCO
082 _a869.56 /
_bM63
100 _aMiranda Lévano, Sylvia
_913752
245 _aComo todos anduve en el invierno :
_bLa arboleda perdida /
260 _aPerú :
_bHozlo,
_c1990.
300 _a55 paginas ;
_c20 cm.
505 _aContenido : Escritos en invierno -- Los días y las flores -- Amaneció / setiembre -- Amanecer de una muchacha lamentablemente enamorada ...
650 _aPoesía Peruana
_92266
650 _aPoesía latinoamericana
_92147
650 _aLiteratura universal
_9611
710 _aConcytec
_92809
942 _2ddc
_cLIBROS
945 _arah